[Event "Monarch Assurance Isle of Man 16th"]
[Site "Port Erin"]
[Date "2007.09.23"]
[Round "2.25"]
[White "Marks, Ian A"]
[Black "Ferguson, Mark"]
[Result "0-1"]
[WhiteElo "1914"]
[BlackElo "2413"]
[PlyCount "74"]
[EventDate "2007.09.22"]
[EventType "swiss"]
[EventRounds "9"]
[EventCountry "IOM"]

1. e4 e5 2. Nf3 Nc6 3. Bb5 a6 4. Ba4 Nf6 5. O-O Be7 6. Re1 b5 7. Bb3 d6 8. c3
O-O 9. h3 Na5 10. Bc2 c5 11. d4 Qc7 12. Nbd2 Bd7 13. Nf1 Nc4 14. Ng3 g6 15. b3
Nb6 16. Bh6 Rfc8 17. d5 c4 18. b4 a5 19. a3 axb4 20. axb4 Rxa1 21. Qxa1 Ra8 22.
Qb2 Qa7 23. Be3 Bd8 24. Rb1 Qa3 25. Bc1 Qa6 26. Ne1 Ne8 27. Bd1 Qa2 28. Bc2
Qxb2 29. Bxb2 Ra2 30. Ne2 Bg5 31. Nc1 Rxb2 32. Rxb2 Bxc1 33. Rb1 Bd2 34. Ra1
Bxc3 35. Ra6 Bxe1 36. Rxb6 Bxb4 37. Rb7 Nf6 0-1

[Event "Monarch Assurance Isle of Man 16th"]
[Site "Port Erin"]
[Date "2007.09.23"]
[Round "2.26"]
[White "Welling, Gerard"]
[Black "Troyke, Christian"]
[Result "1/2-1/2"]
[WhiteElo "2364"]
[BlackElo "2386"]
[PlyCount "30"]
[EventDate "2007.09.22"]
[EventType "swiss"]
[EventRounds "9"]
[EventCountry "IOM"]

1. f4 c5 2. Nf3 g6 3. g3 Bg7 4. Bg2 Nc6 5. O-O e6 6. e4 Nge7 7. d3 O-O 8. c3 d5
9. e5 f6 10. exf6 Bxf6 11. Na3 Nf5 12. Nc2 Qd6 13. Qe2 Bd7 14. Ne3 Nxe3 15.
Bxe3 Rae8 1/2-1/2

[Event "Monarch Assurance Isle of Man 16th"]
[Site "Port Erin"]
[Date "2007.09.23"]
[Round "2.28"]
[White "Prosviriakov, Vladimir"]
[Black "Mueller, Matthias"]
[Result "1/2-1/2"]
[WhiteElo "2319"]
[BlackElo "2405"]
[PlyCount "64"]
[EventDate "2007.09.22"]
[EventType "swiss"]
[EventRounds "9"]
[EventCountry "IOM"]

1. d4 d5 2. c4 e6 3. Nf3 Nf6 4. e3 c6 5. Bd3 Nbd7 6. O-O dxc4 7. Bxc4 b5 8. Bd3
Bb7 9. e4 Be7 10. Bg5 a6 11. a4 h6 12. Bh4 O-O 13. Nbd2 c5 14. axb5 axb5 15.
Rxa8 Bxa8 16. e5 Nd5 17. Bxe7 Qxe7 18. Bxb5 cxd4 19. Qa4 Nc5 20. Qxd4 Rb8 21.
Bc4 Rb4 22. b3 Nb6 23. Qc3 Ncd7 24. Re1 Bxf3 25. Nxf3 Nxc4 26. bxc4 Nb6 27. Nd2
Qc5 28. Rc1 Ra4 29. Qe3 Qc6 30. Qb3 Nd7 31. h3 Ra5 32. Nf3 Qc7 1/2-1/2

[Event "Monarch Assurance Isle of Man 16th"]
[Site "Port Erin"]
[Date "2007.09.23"]
[Round "2.29"]
[White "Smerdon, David"]
[Black "Weisbuch, Udi"]
[Result "1-0"]
[WhiteElo "2461"]
[BlackElo "2284"]
[PlyCount "73"]
[EventDate "2007.09.22"]
[EventType "swiss"]
[EventRounds "9"]
[EventCountry "IOM"]

1. e4 e6 2. d4 d5 3. Nc3 Nf6 4. e5 Nfd7 5. f4 c5 6. Nf3 Nc6 7. Be3 cxd4 8. Nxd4
Bc5 9. Qd2 a6 10. O-O-O O-O 11. Qf2 Nxd4 12. Bxd4 Qc7 13. Bd3 Bxd4 14. Qxd4 Qc5
15. Ne2 b5 16. Rhe1 b4 17. f5 exf5 18. Bxf5 Qxd4 19. Nxd4 Nb6 20. e6 fxe6 21.
Bxe6+ Kh8 22. Nc6 a5 23. Ne7 Bxe6 24. Rxe6 Nc4 25. Nxd5 Rf2 26. Rc6 Ne5 27. Rc5
h6 28. Ne3 Re8 29. Rd2 Rf4 30. b3 Re4 31. Nf5 Re1+ 32. Kb2 Ng4 33. Rxa5 Nf6 34.
Ng3 Rg1 35. Rb5 Ng4 36. Rxb4 Ne3 37. Re4 1-0

[Event "Monarch Assurance Isle of Man 16th"]
[Site "Port Erin"]
[Date "2007.09.23"]
[Round "2.30"]
[White "Palliser, Richard"]
[Black "Phillips, Roy"]
[Result "0-1"]
[WhiteElo "2417"]
[BlackElo "2271"]
[PlyCount "66"]
[EventDate "2007.09.22"]
[EventType "swiss"]
[EventRounds "9"]
[EventCountry "IOM"]

1. d4 e6 2. c4 Nf6 3. Nf3 Bb4+ 4. Nbd2 b6 5. a3 Bxd2+ 6. Bxd2 h6 7. e3 Bb7 8.
Bd3 O-O 9. Qc2 d6 10. e4 Nbd7 11. O-O e5 12. b4 Rc8 13. c5 bxc5 14. bxc5 dxc5
15. dxe5 Ng4 16. Rab1 Bc6 17. Ba6 Rb8 18. Rxb8 Qxb8 19. Bf4 Re8 20. Qc3 Qb6 21.
Bd3 c4 22. Bxc4 Bxe4 23. Qd2 Qc6 24. e6 fxe6 25. Be2 e5 26. Bg3 Ngf6 27. Rc1
Qb6 28. Qc3 c6 29. Nxe5 Nxe5 30. Bxe5 Bd5 31. Bd4 Qd8 32. Bf1 Ne4 33. Bxa7 Nxc3
0-1

[Event "Monarch Assurance Isle of Man 16th"]
[Site "Port Erin"]
[Date "2007.09.23"]
[Round "2.31"]
[White "Smokina, Karolina"]
[Black "Cox, John J"]
[Result "1/2-1/2"]
[WhiteElo "2205"]
[BlackElo "2381"]
[PlyCount "102"]
[EventDate "2007.09.22"]
[EventType "swiss"]
[EventRounds "9"]
[EventCountry "IOM"]

1. d4 Nf6 2. Nf3 e6 3. Bf4 c5 4. c3 b6 5. e3 Bb7 6. Nbd2 Be7 7. h3 O-O 8. Bd3
cxd4 9. cxd4 Nc6 10. a3 d6 11. O-O Re8 12. Qb1 Bf8 13. Bg5 h6 14. Bh4 Be7 15.
b4 Nh5 16. Bxe7 Qxe7 17. b5 Na5 18. g4 Nf6 19. e4 e5 20. d5 Nd7 21. Rc1 Rac8
22. Rc6 Nc5 23. Bf1 Qf6 24. Rxc8 Bxc8 25. a4 Qf4 26. Ra3 g6 27. Qe1 Kg7 28. Nh4
Bd7 29. Ng2 Qf6 30. Qe3 Qg5 31. Qxg5 hxg5 32. Ne3 Rc8 33. f3 Kf6 34. Ndc4 Ncb7
35. Kf2 Ke7 36. Ke1 Kd8 37. Kd2 Rc5 38. Nb2 Rc8 39. Nbc4 Rc5 40. Nb2 Rc7 41.
Nbc4 Kc8 42. Rc3 Nxc4+ 43. Nxc4 Rc5 44. Bd3 Kc7 45. Nb2 Na5 46. Bc2 Kb7 47. Bd3
a6 48. bxa6+ Ka7 49. Kc2 Bc8 50. Bb5 Bxa6 51. Nd3 Rxc3+ 1/2-1/2

[Event "Monarch Assurance Isle of Man 16th"]
[Site "Port Erin"]
[Date "2007.09.23"]
[Round "2.33"]
[White "Collins, Sam IRL"]
[Black "Adams, Phil"]
[Result "1-0"]
[WhiteElo "2405"]
[BlackElo "2144"]
[PlyCount "79"]
[EventDate "2007.09.22"]
[EventType "swiss"]
[EventRounds "9"]
[EventCountry "IOM"]

1. Nf3 d6 2. d4 Nf6 3. c4 g6 4. Nc3 Bg7 5. e4 O-O 6. Be2 a6 7. O-O Bg4 8. Be3
Nfd7 9. Ng5 Bxe2 10. Qxe2 Nc6 11. Nf3 e5 12. Rad1 exd4 13. Nxd4 Nxd4 14. Bxd4
Re8 15. Bxg7 Kxg7 16. b4 a5 17. a3 axb4 18. axb4 Kg8 19. f3 Ra3 20. Qb2 Ra6 21.
Rf2 Nb6 22. Qb3 Qe7 23. e5 Rea8 24. exd6 cxd6 25. Ne4 Ra1 26. Rff1 R1a3 27. Qc2
Qe5 28. Rxd6 Ra2 29. Qd3 Qb2 30. Nd2 Qxb4 31. Qd4 Qb2 32. c5 Qxd4+ 33. Rxd4 Na4
34. Rc1 Rc8 35. Ne4 Kg7 36. Rd7 Rb2 37. h4 h5 38. Ng5 Rxc5 39. Ne6+ Kf6 40.
Nxc5 1-0

[Event "Monarch Assurance Isle of Man 16th"]
[Site "Port Erin"]
[Date "2007.09.23"]
[Round "2.34"]
[White "Shachar, Ehud"]
[Black "Obers, Frits"]
[Result "1/2-1/2"]
[WhiteElo "2353"]
[BlackElo "2073"]
[PlyCount "140"]
[EventDate "2007.09.22"]
[EventType "swiss"]
[EventRounds "9"]
[EventCountry "IOM"]

1. e4 e6 2. d4 d5 3. e5 c5 4. c3 Nc6 5. Nf3 Bd7 6. a3 c4 7. Nbd2 Na5 8. g3 Ne7
9. h4 Nc8 10. Bh3 Nb6 11. Qe2 Be7 12. O-O h6 13. Nh2 Qc7 14. Qg4 Rh7 15. f4 h5
16. Qe2 g6 17. Ndf3 O-O-O 18. Ng5 Rg7 19. Be3 Rh8 20. Rf2 Kb8 21. Nhf3 Qc6 22.
Rh2 Nc8 23. Rf1 Bd8 24. g4 Ne7 25. gxh5 gxh5 26. Rg2 Nf5 27. Bxf5 exf5 28. Kh1
f6 29. exf6 Qxf6 30. Ne5 Be8 31. Rfg1 Qd6 32. Qf3 Rc7 33. Qh3 Qf6 34. Ngf3 Rf8
35. Rg5 Nc6 36. Qg3 Ne7 37. Rg7 Nc8 38. Rg8 Nd6 39. Rxf8 Qxf8 40. Qg8 Qxg8 41.
Rxg8 Kc8 42. Ng5 Re7 43. Kg2 a5 44. Kf3 Kc7 45. Rh8 Kc8 46. Bf2 Bc7 47. Ngf7
Nxf7 48. Nxf7 a4 49. Rf8 Kd7 50. Nh6 Bg6 51. Rf6 Re6 52. Rxe6 Kxe6 53. Bg3 {(=)
} Kf6 54. Ke3 Kg7 55. Kd2 Kxh6 56. Kc2 Bd6 57. Kd2 Kg7 58. Kc2 Kf6 59. Kd2 Ke6
60. Kc2 Be8 61. Kd2 Bc7 62. Kc2 b5 63. Kd2 Kd6 64. Kc2 Kc6 65. Kc1 Bd6 66. Kc2
Kb6 67. Kc1 Ka5 68. Kc2 Bd7 69. Kb1 b4 70. Ka2 bxa3 1/2-1/2

[Event "Monarch Assurance Isle of Man 16th"]
[Site "Port Erin"]
[Date "2007.09.23"]
[Round "2.35"]
[White "Zozulia, Anna"]
[Black "Hutchinson, Norman A"]
[Result "1-0"]
[WhiteElo "2332"]
[BlackElo "2079"]
[PlyCount "61"]
[EventDate "2007.09.22"]
[EventType "swiss"]
[EventRounds "9"]
[EventCountry "IOM"]

1. e4 c6 2. d4 d5 3. e5 Bf5 4. Nf3 e6 5. Be2 Nd7 6. O-O Ne7 7. c3 c5 8. Nbd2
Nc6 9. a3 c4 10. a4 Be7 11. b3 Qa5 12. Bb2 Qb6 13. Ba3 cxb3 14. Nxb3 Na5 15.
Nxa5 Qxa5 16. Bxe7 Kxe7 17. Qb3 Rhc8 18. Qa3+ Ke8 19. Rfc1 a6 20. c4 dxc4 21.
Bxc4 Nb6 22. Bb3 Nd5 23. Nh4 Nc3 24. Nxf5 exf5 25. Re1 Rd8 26. Rac1 Nd5 27.
Bxd5 Rxd5 28. Qh3 h6 29. Qxf5 Rd7 30. Qh7 Rc7 31. Qg8+ 1-0

[Event "Monarch Assurance Isle of Man 16th"]
[Site "Port Erin"]
[Date "2007.09.23"]
[Round "2.36"]
[White "Waters, Michael"]
[Black "Klinova, Masha"]
[Result "1/2-1/2"]
[WhiteElo "2096"]
[BlackElo "2326"]
[PlyCount "120"]
[EventDate "2007.09.22"]
[EventType "swiss"]
[EventRounds "9"]
[EventCountry "IOM"]

1. e4 d6 2. Nc3 Nf6 3. Bc4 g6 4. d3 Bg7 5. f4 O-O 6. Nf3 c6 7. a4 d5 8. Ba2
dxe4 9. dxe4 Qxd1+ 10. Kxd1 Na6 11. Be3 Nb4 12. Bb3 b6 13. h3 c5 14. e5 Rd8+
15. Ke2 Ba6+ 16. Kf2 Nfd5 17. Nxd5 Nxd5 18. c3 Bh6 19. Bxd5 Rxd5 20. Rhd1 e6
21. a5 Kf8 22. b4 Ke8 23. axb6 Rxd1 24. Rxa6 cxb4 25. cxb4 Bf8 26. Rxa7 Rxa7
27. bxa7 Ra1 28. b5 Kd7 29. b6 Ra2+ 30. Kg3 Kc6 31. Ng5 Ra3 32. Kf2 Kb7 33.
Nxf7 Be7 34. Ke2 Ra2+ 35. Kf3 Ra3 36. Ke4 Ra4+ 37. Bd4 Bc5 38. Nd6+ Kc6 39.
a8=Q+ Rxa8 40. b7 Rb8 41. Bxc5 Kxc5 42. g4 Kc6 43. f5 gxf5+ 44. gxf5 exf5+ 45.
Kxf5 Kd7 46. Kf6 Rf8+ 47. Kg7 Rb8 48. Kf7 h5 49. h4 Kc6 50. Ke7 Rh8 51. Nf7 Rb8
52. Kf6 Kxb7 53. e6 Kc7 54. Ne5 Rf8+ 55. Nf7 Ra8 56. e7 Ra6+ 57. Nd6 Rxd6+ 58.
Kf7 Rd7 59. Kf8 Rd8+ 60. exd8=Q+ Kxd8 1/2-1/2

[Event "Monarch Assurance Isle of Man 16th"]
[Site "Port Erin"]
[Date "2007.09.23"]
[Round "2.38"]
[White "Walton, Alan J"]
[Black "Majer, Chris E"]
[Result "0-1"]
[WhiteElo "2223"]
[BlackElo "2041"]
[PlyCount "46"]
[EventDate "2007.09.22"]
[EventType "swiss"]
[EventRounds "9"]
[EventCountry "IOM"]

1. d4 Nf6 2. Bg5 c5 3. d5 Ne4 4. Bc1 e6 5. c4 b5 6. Qd3 Nd6 7. cxb5 a6 8. Nc3
axb5 9. dxe6 fxe6 10. Bf4 Ba6 11. Qf3 Nc6 12. e4 Nd4 13. Qd1 Qa5 14. Bxd6 Bxd6
15. Nge2 Be5 16. Nxd4 Bxd4 17. Qd2 O-O 18. f3 d5 19. Bd3 Rad8 20. exd5 b4 21.
Ne2 Rxd5 22. Nc1 c4 23. Be4 c3 0-1

[Event "Monarch Assurance Isle of Man 16th"]
[Site "Port Erin"]
[Date "2007.09.23"]
[Round "2.39"]
[White "Fox, Anthony"]
[Black "Egozi, Nadav"]
[Result "1/2-1/2"]
[WhiteElo "2084"]
[BlackElo "2205"]
[PlyCount "45"]
[EventDate "2007.09.22"]
[EventType "swiss"]
[EventRounds "9"]
[EventCountry "IOM"]

1. e4 c5 2. Nc3 d6 3. g3 Nc6 4. Bg2 g6 5. d3 Bg7 6. Be3 e6 7. Qd2 Nd4 8. Nd1 e5
9. c3 Nc6 10. Ne2 Rb8 11. O-O b5 12. f4 Nf6 13. h3 exf4 14. Bxf4 Nh5 15. Bg5 f6
16. Bh6 O-O 17. Bxg7 Nxg7 18. Ne3 Ne6 19. Nf4 Nxf4 20. Rxf4 Ne7 21. Raf1 Kg7
22. Qf2 Ng8 23. d4 1/2-1/2

[Event "Monarch Assurance Isle of Man 16th"]
[Site "Port Erin"]
[Date "2007.09.23"]
[Round "2.41"]
[White "Collier, David"]
[Black "Spanton, Tim"]
[Result "1/2-1/2"]
[WhiteElo "2131"]
[BlackElo "1982"]
[PlyCount "27"]
[EventDate "2007.09.22"]
[EventType "swiss"]
[EventRounds "9"]
[EventCountry "IOM"]

1. d4 d5 2. Nf3 Nc6 3. b3 Bg4 4. Nbd2 e6 5. Bb2 Nf6 6. e3 Ne4 7. Nxe4 dxe4 8.
h3 Bh5 9. g4 Bg6 10. Nd2 h5 11. gxh5 Bxh5 12. Be2 Bg6 13. Bb5 Bh5 14. Be2
1/2-1/2

[Event "Monarch Assurance Isle of Man 16th"]
[Site "Port Erin"]
[Date "2007.09.23"]
[Round "2.42"]
[White "Nicholson, John"]
[Black "Noordhoek, Henk"]
[Result "0-1"]
[WhiteElo "1910"]
[BlackElo "2102"]
[PlyCount "48"]
[EventDate "2007.09.22"]
[EventType "swiss"]
[EventRounds "9"]
[EventCountry "IOM"]

1. e4 Nf6 2. e5 Nd5 3. d4 d6 4. Nf3 Bg4 5. Be2 c6 6. O-O Bxf3 7. Bxf3 dxe5 8.
dxe5 e6 9. Qe2 Nd7 10. c4 Ne7 11. Bg5 Qa5 12. Re1 Ng6 13. Nc3 Ndxe5 14. Be4 Nd7
15. f4 Be7 16. f5 Bxg5 17. fxg6 hxg6 18. Bxg6 O-O-O 19. Bxf7 Qc5+ 20. Kh1 Rxh2+
21. Kxh2 Rh8+ 22. Kg3 Bh4+ 23. Kf3 Qf5+ 24. Ke3 Bg5+ 0-1

[Event "Monarch Assurance Isle of Man 16th"]
[Site "Port Erin"]
[Date "2007.09.23"]
[Round "2.43"]
[White "Johnson, Paul A"]
[Black "Fraser-Mitchell, Jeremy"]
[Result "0-1"]
[WhiteElo "1820"]
[BlackElo "2097"]
[PlyCount "68"]
[EventDate "2007.09.22"]
[EventType "swiss"]
[EventRounds "9"]
[EventCountry "IOM"]

1. d4 f5 2. Nf3 Nf6 3. g3 g6 4. Bg2 Bg7 5. c4 O-O 6. Nc3 d6 7. O-O Qe8 8. d5
Na6 9. a3 Bd7 10. Qc2 c6 11. Bg5 Rc8 12. Nd2 Ng4 13. Bf4 h6 14. h4 Nc5 15. Rac1
g5 16. hxg5 Qh5 17. Nf3 e5 18. dxe6 Nxe6 19. e3 hxg5 20. Bxd6 Rf6 21. Rfd1 f4
22. exf4 gxf4 23. Ne4 Rf7 24. Bb4 c5 25. Bc3 Nd4 26. Bxd4 Bxd4 27. Rxd4 cxd4
28. Nd6 fxg3 29. fxg3 Qc5 30. Ne4 Qb6 31. c5 Qh6 32. Neg5 Rxf3 33. Nxf3 Qe3+
34. Kf1 Bb5+ 0-1

[Event "Monarch Assurance Isle of Man 16th"]
[Site "Port Erin"]
[Date "2007.09.24"]
[Round "3.2"]
[White "Sulskis, Sarunas"]
[Black "Kotronias, Vasilios"]
[Result "1/2-1/2"]
[WhiteElo "2537"]
[BlackElo "2602"]
[PlyCount "100"]
[EventDate "2007.09.22"]
[EventType "swiss"]
[EventRounds "9"]
[EventCountry "IOM"]

1. e4 c5 2. Nf3 Nc6 3. d4 cxd4 4. Nxd4 Nf6 5. Nc3 d6 6. Bg5 e6 7. Qd2 Be7 8.
O-O-O O-O 9. Ndb5 Qa5 10. Bxf6 Bxf6 11. Nxd6 Rd8 12. f4 e5 13. Bc4 Be6 14. Bxe6
fxe6 15. Qe3 Nd4 16. fxe5 Qxe5 17. Nc4 Qh5 18. h4 Qg4 19. Qh3 Qxh3 20. Rxh3 b5
21. e5 bxc4 22. exf6 gxf6 23. g4 f5 24. gxf5 exf5 {(=)} 25. Re3 Rd6 26. Re5
Rad8 27. Rf1 Rh6 28. Nb5 Nxb5 29. Rxb5 Rxh4 30. Rbxf5 Rg4 31. b3 Rc8 32. Kb2
cxb3 33. axb3 Rg2 34. R1f2 Rxf2 35. Rxf2 Kg7 {(=)} 36. c4 h5 37. Kc3 Kg6 38. b4
h4 39. b5 h3 40. Kb4 Rh8 41. Rh2 Kf5 42. Ka5 Kg4 43. Ka6 Rh7 44. c5 Kg3 45. Rc2
h2 46. Rc1 Kg2 47. Rc2+ Kg3 48. Rc3+ Kg2 49. Rc2+ Kg3 50. Rc1 Kg2 1/2-1/2

[Event "Monarch Assurance Isle of Man 16th"]
[Site "Port Erin"]
[Date "2007.09.24"]
[Round "3.3"]
[White "Iordachescu, Viorel"]
[Black "Golod, Vitali"]
[Result "1/2-1/2"]
[WhiteElo "2584"]
[BlackElo "2589"]
[PlyCount "45"]
[EventDate "2007.09.22"]
[EventType "swiss"]
[EventRounds "9"]
[EventCountry "IOM"]

1. e4 e5 2. Nf3 Nc6 3. Bb5 a6 4. Ba4 Nf6 5. O-O Nxe4 6. d4 b5 7. Bb3 d5 8. dxe5
Be6 9. Be3 Be7 10. c3 Nc5 11. Bc2 Nd7 12. Bd4 Bg4 13. Re1 Nxd4 14. cxd4 Nf8 15.
Qd3 Ne6 16. Nbd2 Bh5 17. Nb3 Rc8 18. Rac1 Bg6 19. Qe3 c6 20. g3 a5 21. Kg2 a4
22. Nbd2 O-O 23. h4 1/2-1/2

[Event "Monarch Assurance Isle of Man 16th"]
[Site "Port Erin"]
[Date "2007.09.24"]
[Round "3.4"]
[White "Jackson, Oliver A"]
[Black "Krasenkow, Michal"]
[Result "0-1"]
[WhiteElo "2198"]
[BlackElo "2660"]
[PlyCount "60"]
[EventDate "2007.09.22"]
[EventType "swiss"]
[EventRounds "9"]
[EventCountry "IOM"]

1. e4 c5 2. Nc3 e6 3. f4 d5 4. Nf3 dxe4 5. Nxe4 Nc6 6. Bc4 Be7 7. c3 Nh6 8. d3
Nf5 9. Qe2 h5 10. Be3 Qa5 11. O-O b5 12. Bb3 Nxe3 13. Qxe3 Qb6 14. f5 c4 15.
Qxb6 axb6 16. dxc4 exf5 17. Neg5 Na5 18. Rae1 bxc4 19. Ba4+ Kf8 20. Re2 g6 21.
Rfe1 Bc5+ 22. Kh1 Kg7 23. Bb5 Rd8 24. b4 cxb3 25. axb3 Nxb3 26. Bc4 Ba6 27.
Bxb3 Bxe2 28. Rxe2 Ra3 29. Bc2 Ra1+ 30. Ne1 Rd2 0-1

[Event "Monarch Assurance Isle of Man 16th"]
[Site "Port Erin"]
[Date "2007.09.24"]
[Round "3.5"]
[White "Roiz, Michael"]
[Black "Tate, Alan"]
[Result "1-0"]
[WhiteElo "2630"]
[BlackElo "2053"]
[PlyCount "53"]
[EventDate "2007.09.22"]
[EventType "swiss"]
[EventRounds "9"]
[EventCountry "IOM"]

1. d4 Nf6 2. Nf3 e6 3. c4 c5 4. g3 cxd4 5. Nxd4 Nc6 6. Bg2 Bc5 7. Nb3 Be7 8.
Nc3 d6 9. O-O a6 10. Bf4 O-O 11. Rc1 Ne5 12. c5 Nc4 13. cxd6 Bxd6 14. Bxd6 Nxd6
15. Qd4 Nf5 16. Qxd8 Rxd8 17. Rfd1 Re8 18. Na4 Rb8 19. Nb6 Ne7 20. Nxc8 Nxc8
21. Nc5 Nd5 22. Bxd5 exd5 23. Rxd5 Nb6 24. Rd6 Nc8 25. Rd2 Ne7 26. Rd7 Nc6 27.
Nxb7 1-0

[Event "Monarch Assurance Isle of Man 16th"]
[Site "Port Erin"]
[Date "2007.09.24"]
[Round "3.6"]
[White "Wells, Peter K"]
[Black "Moiseenko, Alexander"]
[Result "1/2-1/2"]
[WhiteElo "2517"]
[BlackElo "2641"]
[PlyCount "47"]
[EventDate "2007.09.22"]
[EventType "swiss"]
[EventRounds "9"]
[EventCountry "IOM"]

1. Nf3 c5 2. c4 Nc6 3. d4 cxd4 4. Nxd4 e5 5. Nc2 f5 6. g3 Nf6 7. Bg2 d6 8. Nc3
Be7 9. O-O O-O 10. b3 Be6 11. Ne3 Qd7 12. Ned5 Rad8 13. Ba3 Kh8 14. Qd2 f4 15.
e3 fxg3 16. fxg3 Bh3 17. Nxf6 Rxf6 18. Rxf6 Bxf6 19. Ne4 Bxg2 20. Qxg2 d5 21.
cxd5 Qxd5 22. Rf1 Be7 23. Bxe7 Nxe7 24. Ng5 1/2-1/2

[Event "Monarch Assurance Isle of Man 16th"]
[Site "Port Erin"]
[Date "2007.09.24"]
[Round "3.8"]
[White "Adly, Ahmed"]
[Black "Efimenko, Zahar"]
[Result "1/2-1/2"]
[WhiteElo "2488"]
[BlackElo "2624"]
[PlyCount "150"]
[EventDate "2007.09.22"]
[EventType "swiss"]
[EventRounds "9"]
[EventCountry "IOM"]

1. Nf3 Nf6 2. g3 d5 3. Bg2 c5 4. O-O Nc6 5. d4 Bg4 6. Ne5 cxd4 7. Nxg4 Nxg4 8.
e3 Nf6 9. exd4 e6 10. c3 Bd6 11. Nd2 O-O 12. Nb3 Rc8 13. Qe2 Re8 14. Rd1 Nd7
15. h4 Qc7 16. Nd2 f5 17. Nf3 Nf6 18. Ng5 h6 19. Nh3 {(=)} Ne4 20. Bf4 Nb8 21.
Rac1 Nd7 22. c4 Bxf4 23. Nxf4 Ndf6 24. c5 g5 25. hxg5 hxg5 26. Nd3 Qh7 27. Ne5
Kg7 28. c6 b6 29. Qe3 Rh8 30. c7 Qh2+ 31. Kf1 f4 32. gxf4 gxf4 33. Qa3 Rhe8 34.
Rc2 a5 35. Rdc1 Qh5 {(=)} 36. Qf3 Qh4 37. Ke1 Ng5 38. Qd3 Nfe4 39. Nf3 Qg4 40.
Kf1 Qh5 41. Qe2 Nf7 42. Nd2 Nxd2+ 43. Rxd2 Qxe2+ 44. Rxe2 Nd6 45. a4 Kf7 46.
Bh3 Ne4 47. Rc6 Re7 48. Rec2 Ng5 49. Bg4 f3 50. Ke1 Ke8 51. Kd2 Kd7 52. Kd3 Rh7
53. Ke3 Rh4 54. Kf4 Ne4 55. Kxf3 Rh6 56. Rxb6 Rxc7 57. Bxe6+ Rxe6 58. Rxc7+
Kxc7 59. Rxe6 Ng5+ 60. Kf4 Nxe6+ 61. Ke5 Kd7 62. Kxd5 Nf4+ 63. Kc4 Kc6 64. b3
Nd5 65. Kd3 Kd6 66. f3 Kc6 67. Ke4 Kd6 68. f4 Nc3+ 69. Kd3 Nd5 70. f5 Kc6 71.
Ke4 Kd6 72. Kf3 Kd7 73. Ke4 Kd6 74. Kd3 Kc6 75. Ke4 Kd6 1/2-1/2

[Event "Monarch Assurance Isle of Man 16th"]
[Site "Port Erin"]
[Date "2007.09.24"]
[Round "3.9"]
[White "Dworakowska, Joanna"]
[Black "Malakhatko, Vadim"]
[Result "0-1"]
[WhiteElo "2320"]
[BlackElo "2596"]
[PlyCount "92"]
[EventDate "2007.09.22"]
[EventType "swiss"]
[EventRounds "9"]
[EventCountry "IOM"]

1. d4 Nf6 2. c4 e6 3. Nf3 c5 4. d5 b5 5. Bg5 exd5 6. cxd5 d6 7. e3 a6 8. a4
bxa4 9. Rxa4 Be7 10. Nc3 O-O 11. Bd3 Nbd7 12. h4 Re8 13. Bc2 Rb8 14. b3 h6 15.
Qd3 Rb4 16. Bxf6 Nxf6 17. Rxb4 cxb4 18. Ne4 Ng4 19. Ng3 Bf6 20. Nd4 Bxd4 21.
Qxd4 Qf6 22. Qd2 a5 23. Bd1 Bd7 24. h5 Qg5 25. O-O Nxe3 26. fxe3 Qxg3 27. Rf3
Qe5 28. Bc2 Bg4 29. Rf4 Bxh5 30. Kf2 Qg5 31. Bd3 Bg6 32. Bb5 Re4 33. g3 Rxf4+
34. exf4 Qf5 35. Bc6 Qc2 36. Qxc2 Bxc2 37. Ba4 Bd3 38. Ke3 Bf1 39. g4 Kf8 40.
Kf2 Ba6 41. Ke3 Ke7 42. Kf3 Bc8 43. Bb5 Bd7 44. Bd3 a4 45. bxa4 Bxa4 46. Ke4
Bd1 0-1

[Event "Monarch Assurance Isle of Man 16th"]
[Site "Port Erin"]
[Date "2007.09.24"]
[Round "3.11"]
[White "Kuzubov, Yuriy"]
[Black "Drozdovskij, Yuri"]
[Result "1/2-1/2"]
[WhiteElo "2568"]
[BlackElo "2567"]
[PlyCount "98"]
[EventDate "2007.09.22"]
[EventType "swiss"]
[EventRounds "9"]
[EventCountry "IOM"]

1. d4 Nf6 2. c4 e6 3. Nc3 Bb4 4. g3 O-O 5. Bg2 d5 6. cxd5 exd5 7. Nf3 c6 8. O-O
Re8 {(=)} 9. Qc2 Nbd7 10. a3 Bxc3 11. bxc3 Ne4 12. Bf4 Nb6 13. Rfe1 g5 14. Bc1
Qf6 15. Rf1 Nc4 16. Ra2 Re7 17. Qb3 b6 18. Ne1 Ba6 19. Nd3 Qg6 20. a4 Rae8 21.
Nb4 Na5 22. Qc2 Bc4 23. Rb2 f6 24. Re1 Kg7 25. e3 c5 26. dxc5 bxc5 27. Nd3 Bb3
28. Rxb3 Nxb3 29. Qxb3 c4 30. Qc2 cxd3 31. Qxd3 Qf5 32. f3 Nxg3 33. Qd4 Nh5 34.
Rd1 Qc2 35. Rf1 Rc7 36. Qxd5 Qxc3 37. f4 Qc5 38. fxg5 Qxd5 39. Bxd5 fxg5 40.
Bb2+ Kg6 41. Bd4 Ree7 42. a5 Rcd7 43. Bc6 Rd8 44. Bc5 Rc7 45. Be4+ Kh6 46. Bf8+
Ng7 47. Kg2 Kh5 48. Rf6 Re8 49. Bd6 Rxe4 1/2-1/2

[Event "Monarch Assurance Isle of Man 16th"]
[Site "Port Erin"]
[Date "2007.09.24"]
[Round "3.12"]
[White "Phillips, Roy"]
[Black "Spraggett, Kevin"]
[Result "0-1"]
[WhiteElo "2271"]
[BlackElo "2585"]
[PlyCount "68"]
[EventDate "2007.09.22"]
[EventType "swiss"]
[EventRounds "9"]
[EventCountry "IOM"]

1. e4 c5 2. Nf3 e6 3. d4 cxd4 4. Nxd4 Nf6 5. Nc3 d6 6. Be3 Nc6 7. f3 Be7 8. Qd2
O-O 9. g4 a6 10. O-O-O Nd7 11. Qg2 Nxd4 12. Bxd4 b5 13. Bd3 Bb7 14. h4 b4 15.
Ne2 a5 16. g5 Ne5 17. f4 Nxd3+ 18. Rxd3 Rc8 19. Ng3 Qc7 20. f5 exf5 21. Nxf5
Bxe4 22. Nh6+ Kh8 23. Qe2 d5 24. Rf1 f5 25. gxf6 Bxf6 26. Bxf6 Bxd3 27. Qxd3
Rxf6 28. Rxf6 gxf6 29. Qf5 Rf8 30. Ng4 Qg3 31. Qe6 h5 32. Qe7 Rf7 33. Qe8+ Kg7
34. Ne3 Qe1+ 0-1

[Event "Monarch Assurance Isle of Man 16th"]
[Site "Port Erin"]
[Date "2007.09.24"]
[Round "3.13"]
[White "Areshchenko, Alexander"]
[Black "Almond, Richard J"]
[Result "1-0"]
[WhiteElo "2645"]
[BlackElo "2101"]
[PlyCount "75"]
[EventDate "2007.09.22"]
[EventType "swiss"]
[EventRounds "9"]
[EventCountry "IOM"]

1. e4 d5 2. exd5 Qxd5 3. Nf3 Bg4 4. Be2 Nc6 5. d4 O-O-O 6. Be3 e5 7. c4 Qa5+ 8.
Bd2 Bb4 9. d5 Bxf3 10. Bxf3 Bxd2+ 11. Nxd2 Nd4 12. O-O Qb4 13. Re1 f6 14. Qc1
Nh6 15. Bd1 g5 16. Qc3 Qxc3 17. bxc3 Ndf5 18. Ne4 Rhf8 19. Bb3 Ng8 20. c5 Nge7
21. Red1 Ng7 22. Bc4 h6 23. c6 b6 24. Ba6+ Kb8 25. c4 f5 26. Nc3 Ne8 27. a4 Nd6
28. a5 e4 29. c5 Ndc8 30. axb6 cxb6 31. Nb5 Rxd5 32. c7+ Ka8 33. Rxd5 Nxd5 34.
c6 Nxc7 35. Nxc7+ Kb8 36. Nb5 f4 37. c7+ Ka8 38. Bxc8 1-0